[Event "XXVI Ciudad de Linares"]
[Site "Linares"]
[Date "2009.02.19"]
[Round "1"]
[White "Anand, Viswanathan"]
[Black "Radjabov, Teimour"]
[Result "1-0"]
[WhiteElo "2791"]
[BlackElo "2760"]
[PlyCount "121"]
[EventDate "2009.??.??"]
[EventCountry "ESP"]
[Source "Chess Tigers"]
[SourceDate "2009.01.01"]

1. e4 c5 2. Nf3 Nc6 3. d4 cxd4 4. Nxd4 Nf6 5. Nc3 e5 6. Ndb5 d6 7. Bg5 a6 8.
Na3 b5 9. Bxf6 (9. Nd5 Be7 10. Bxf6 Bxf6 11. c3 Bg5 12. Nc2 O-O 13. a4 bxa4 14.
Rxa4 a5 15. Bc4 Bd7 16. O-O Ne7 17. Ra2 Rc8 18. Nxe7+ Qxe7 19. Bd5 Rc5 20. b3
Rxc3 21. Rxa5 Be6 22. Nb4 Rfc8 23. Ra1 Qd7 24. Qe2 Bxd5 25. Nxd5 Rxb3 26. Rab1
Rxb1 27. Rxb1 g6 28. g3 Kg7 29. Kg2 Bd8 30. Qd3 h5 31. h3 Qc6 32. Rb3 Qc4 33.
Qf3 Qc6 34. Rc3 {1/2-1/2 Anand,V (2779)-Radjabov,T (2728)/Mainz 2006}) 9...
gxf6 10. Nd5 Bg7 (10... f5 11. Bd3 Be6 12. O-O Bxd5 13. exd5 Ne7 14. c3 Bg7 15.
Qh5 e4 16. Bc2 O-O 17. Rae1 Qc8 18. Bb3 Ng6 19. Nc2 Re8 20. f4 exf3 21. Rxe8+
Qxe8 22. Qxf3 f4 23. Re1 Qd7 24. Nb4 a5 25. Nc6 Re8 26. Rxe8+ Qxe8 27. Kf1 b4
28. cxb4 axb4 29. Qe2 Qd7 30. Bc2 Ne5 31. Qe4 f3 32. Qxh7+ Kf8 33. Qe4 fxg2+
34. Kxg2 Ng4 35. h3 Ne5 36. Ba4 Kg8 37. Qxb4 Ng6 38. Bc2 Qe8 39. Qe4 Qa8 40. a4
Bxb2 41. Qg4 Kh8 42. Bxg6 fxg6 43. Qxg6 Qxa4 44. Ne7 {1-0 Ponomariov,R (2743)
-Anand,V (2755)/Mainz 2002}) 11. Bd3 Ne7 12. Nxe7 Qxe7 13. O-O O-O 14. c4 (14.
c3 f5 15. Nc2 Rb8 16. Re1 (16. exf5 e4 17. Re1 Bxf5 18. Ne3 Bg6 19. Nd5 Qe5 20.
Bc2 a5 21. f4 Qe6 22. Qd2 Kh8 23. a3 f5 24. Bb3 Qc8 25. Qf2 Qc5 26. Rad1 Bf7
27. Bc2 Bxd5 28. Qxc5 dxc5 29. Rxd5 b4 30. Rxc5 bxc3 31. bxc3 Rbc8 32. Rxc8
Rxc8 33. Rd1 Bf8 34. Kf1 Rxc3 35. Ba4 Rxa3 36. Bd7 Ra2 37. Re1 Bb4 38. Re2 Bd2
39. Kf2 a4 40. Bxf5 e3+ 41. Kf3 a3 42. g3 Rb2 43. Be6 Kg7 44. Rg2 a2 45. Bxa2
Rxa2 46. Rg1 Bb4 {0-1 Anand,V (2779)-Radjabov,T (2728)/Mainz 2006}) 16... fxe4
17. Bxe4 f5 18. Bd5+ Kh8 19. Nb4 Qc7 20. Bb3 a5 21. Nd5 Qb7 22. a3 Be6 23. Ne3
Bxb3 24. Qxb3 f4 25. Nd5 Rbc8 26. Rad1 Rc5 27. Rd3 f3 28. gxf3 Qf7 29. Qd1 Rc4
30. Ne3 Rh4 31. Ng2 Rh3 32. f4 Rxd3 33. Qxd3 exf4 34. f3 Qb3 35. Re2 b4 36.
axb4 axb4 37. Qc2 Qd5 38. Ne1 bxc3 39. bxc3 Qc5+ 40. Kf1 Bxc3 41. Re7 Bg7 42.
Qxc5 dxc5 43. Rc7 Bd4 44. Nd3 Rf5 45. Nf2 Rh5 46. Nd3 Rxh2 47. Nxc5 Rf2+ 48.
Ke1 Bxc5 49. Rxc5 Rxf3 50. Rc4 {1/2-1/2 Anand,V (2779)-Radjabov,T (2728)/Mainz
2006}) 14... f5 15. Qf3 d5 16. cxd5 fxe4 17. Bxe4 Rb8 18. Rfd1 f5 19. d6 Qf6
20. Bc6 Be6 21. Bd5 Rbd8 22. Qb3 Bf7 23. Nc2 Rxd6 24. Bxf7+ Rxf7 25. Rxd6 Qxd6
26. Ne3 f4 27. Rd1 Qg6 28. Nd5 Bf8 29. f3 Kh8 30. Nc3 Rg7 31. Rd2 Bc5+ 32. Kf1
Bd4 33. Ne4 Rc7 34. Rc2 Rc6 35. Qd3 Kg7 36. b3 h6 37. g4 fxg3 38. hxg3 Qe6 39.
Kg2 Qc8 40. Rxc6 Qxc6 41. Qd2 Qe6 42. g4 Qc6 43. Ng3 Kh7 44. Nf5 Bb6 45. Qd3
Kh8 46. Qe2 Bc7 47. Qd2 Kh7 48. Ne7 Qc5 49. Qd3+ Kh8 50. Qd7 e4 51. Qe8+ Kg7
52. Nf5+ Kf6 53. Qxe4 Bb6 54. Kh3 h5 55. g5+ Kxg5 56. Ne7 Kf6 57. Nd5+ Kg7 58.
Qe5+ Kh6 59. Qf6+ Kh7 60. Qf7+ Kh6 61. Ne7 1-0

[Event "XXVI Ciudad de Linares"]
[Site "Linares"]
[Date "2009.02.19"]
[Round "1"]
[White "Aronian, Levon"]
[Black "Carlsen, Magnus"]
[Result "1/2-1/2"]
[WhiteElo "2750"]
[BlackElo "2776"]
[PlyCount "73"]
[EventDate "2009.??.??"]
[EventCountry "ESP"]
[Source "Chess Tigers"]
[SourceDate "2009.01.01"]

1. d4 Nf6 2. c4 e6 3. g3 d5 4. Nf3 Be7 5. Bg2 O-O 6. O-O dxc4 7. Qc2 a6 8. Qxc4
b5 9. Qc2 Bb7 10. Bd2 Be4 11. Qc1 Bb7 (11... Qc8 12. Bg5 Nbd7 13. Qf4 (13. Nbd2
Bb7 14. Nb3 a5 15. Bxf6 (15. Rd1 Bd5 16. Ne5 Bxg2 17. Kxg2 a4 18. Nc5 Bxc5 19.
Bxf6 Bb6 20. Bg5 Nxe5 21. dxe5 h6 22. Bxh6 gxh6 23. Qxh6 Rd8 24. Qg5+ {1/2-1/2
Gelfand,B (2733)-Leko,P (2751)/Mexico City 2007/CBM 120}) 15... Bxf6 16. Nc5
Bd5 17. e4 Bc4 18. Nxd7 Qxd7 19. Re1 Bxd4 20. Rd1 c5 21. Qc2 e5 22. Nxe5 {1/
2-1/2 Aronian,L (2750)-Kramnik,V (2769)/Mexico City 2007/CBM 120}) 13... Bb7
14. Rc1 Bd6 15. Qh4 h6 16. Bxf6 Nxf6 17. Nbd2 Re8 18. e4 Nd7 19. Nb3 a5 20. Nc5
Be7 21. Qf4 e5 22. Nxe5 Nxe5 23. dxe5 Bg5 24. Qf3 Bxc1 25. Rxc1 Rxe5 26. Qc3 f6
27. Qb3+ Kh8 28. Qf7 Bc6 29. Nd3 Re6 30. Nf4 Rd6 31. Ng6+ Kh7 32. e5 fxe5 33.
Bxc6 Rf6 34. Qd5 Qf5 35. Bxa8 Qxf2+ 36. Kh1 Qxb2 37. Qc5 Kxg6 38. Be4+ Kh5 39.
Rb1 {1-0 Kramnik,V (2769)-Leko,P (2751)/Mexico City 2007/CBM 120}) 12. a3 $5 (
12. Bf4 Bd6 (12... Nd5 13. Nc3 Nxf4 14. Qxf4 Nd7 15. Rfd1 Bd6 16. Qh4 Nf6 17.
a3 Qb8 18. g4 Rd8 19. Rac1 Be7 20. g5 Nd7 21. d5 Nf8 22. Ne5 Bd6 23. dxe6 Bxg2
24. Qf4 Bb7 25. e7 Re8 {1-0 Aronian,L (2744)-Ivanchuk,V (2750)/Monte Carlo
2007/CBM 117 ext}) 13. Nbd2 Nbd7 (13... Nd5 14. Nb3 Nxf4 15. gxf4 Nd7 16. e3
Rc8 17. Rd1 c5 18. dxc5 Nxc5 19. Nxc5 Rxc5 20. Qxc5 Bxc5 21. Rxd8 Rxd8 22. Ne5
Bxg2 23. Kxg2 Kf8 24. a4 Bd6 25. Nc6 Rc8 26. axb5 axb5 27. Ra6 Be7 28. Kf3 Ke8
29. b3 Bd8 30. h3 Kd7 31. Nd4 Rb8 32. Ra7+ Ke8 33. Ra6 Kd7 34. Ke4 Bb6 35. Nf3
Rb7 36. Ne5+ Ke7 37. Ra8 Bc7 38. Nf3 h6 39. Rg8 Kf6 40. Ra8 b4 41. Ra6 g5 42.
fxg5+ hxg5 43. Rc6 Bd8 44. Rc8 Be7 45. Nd4 Kg7 46. Nc6 Bf6 47. Rb8 Rxb8 48.
Nxb8 Bc3 49. Nd7 {1/2-1/2 Aronian,L (2741)-Beliavsky,A (2646)/Heraklio 2007/
CBM 121}) 14. Nb3 Bd5 15. Rd1 Qe7 16. Ne5 Bxg2 17. Kxg2 Nd5 18. Nc6 Nxf4+ 19.
Qxf4 Qe8 20. Qf3 e5 21. dxe5 Nxe5 22. Nxe5 Qxe5 23. Rd2 Rae8 24. e3 Re6 25.
Rad1 Rf6 26. Qd5 Qe8 27. Rc1 g6 28. Rdc2 h5 29. Nd2 Rf5 30. Qe4 c5 31. Qxe8
Rxe8 32. e4 Rfe5 33. f4 R5e6 34. e5 Be7 35. b3 f6 36. Nf3 fxe5 37. Nxe5 Rd8 38.
h4 Rd5 {1/2-1/2 Kasparov,G (2849)-Kramnik,V (2770)/London 2000/CBM 080}) 12...
Qc8 (12... Nbd7 13. Ba5 Rc8 14. Nbd2 Qe8 15. b4 Ne4 16. Nxe4 Bxe4 17. Qe3 Bd5
18. Rac1 Bd6 19. Ne5 f5 20. Bxd5 exd5 21. f4 Nf6 22. Rc2 c6 23. Rfc1 h5 24. Bb6
Bxe5 25. dxe5 Ne4 26. Bd4 Qg6 27. Kh1 Rfe8 28. a4 Re6 29. axb5 axb5 30. Ra2 Rc7
31. Qf3 Kh7 32. Rg1 Qf7 33. h3 Rh6 34. Kh2 Qe7 35. Qb3 Qe8 36. Ra6 Qe6 37. Ra8
g5 38. Qe3 Rg7 39. fxg5 Rxg5 40. Ra7+ Rg7 41. Rxg7+ Kxg7 42. Qf4 Rh7 43. Ra1
Kg6 44. Be3 Qc8 45. Kg2 Qe6 46. Kh2 Qc8 47. h4 Qe6 48. Ra6 Qc8 49. Rb6 Qe8 50.
Kg2 Qc8 51. Bd4 Re7 52. Bb2 Kh7 53. Bc1 Qe6 54. Rb8 Rg7 55. Rf8 Nxg3 56. Kf3
Rg4 57. Qe3 d4 58. Qa3 Qxe5 59. Qa2 Qe4+ 60. Kf2 Nh1+ 61. Kf1 Qg2+ 62. Ke1 Qf2+
{0-1 Suba,M (2525)-Psakhis,L (2605)/Andorra 1994/TD}) 13. b4 Nbd7 14. Bc3 $146
(14. Bf4 Bd6 15. Nc3 Bc6 16. Re1 Qb7 17. Bxd6 cxd6 18. Qf4 Bxf3 19. Bxf3 d5 20.
Na2 Nb6 21. Nc1 Nc4 22. Nb3 Qb6 23. g4 Ra7 24. h4 Nd7 25. e4 dxe4 26. Bxe4 Nf6
27. Bd3 Nd5 28. Qe4 g6 29. Qf3 Qd8 30. Qg3 Qf6 31. Rec1 Ndb6 32. g5 Qd8 33. Re1
Rd7 34. Bf1 Rd5 35. Bg2 Rd6 36. Re2 e5 37. Nc5 Rxd4 38. Rae1 Nd7 39. Ne4 f5 40.
gxf6 Nxf6 41. Nxf6+ Qxf6 42. h5 Kg7 43. Re4 Rfd8 44. hxg6 hxg6 45. Rxd4 Rxd4
46. Be4 Qe6 47. Kh1 Qd6 48. Kh2 Qb6 49. Kg1 Qd6 50. Kg2 Qe6 51. Kf1 Nd6 52. Bg2
Nf7 53. Rc1 Rc4 54. Rd1 e4 55. Kg1 Qf5 56. Re1 Ng5 57. Qb8 Qf6 58. Rd1 Rc2 59.
Qa7+ Kh6 60. Kf1 Rc3 61. Qd4 Qxd4 62. Rxd4 Rxa3 63. Bxe4 Ne6 64. Rd6 Nf4 65. f3
Ra2 66. Bb7 {1/2-1/2 Rodshtein,M (2517)-Magalashvili,D (2459)/Yerevan 2006/CBM
114 ext}) 14... Ne4 15. Nbd2 Bd5 16. Qc2 Nxd2 17. Bxd2 Qb7 18. Rac1 Rac8 19. e4
Bxe4 20. Ng5 Bxc2 21. Bxb7 Bd3 22. Rfe1 Bc4 23. Bxc8 Bxg5 24. Bxg5 Rxc8 25. f3
f6 26. Bf4 Nb6 27. h4 Kf7 28. Kf2 c6 29. Bd6 Bd5 30. Bc5 Na4 31. g4 Ra8 32. Re2
a5 33. Bd6 axb4 34. Bxb4 Nb6 35. Bc5 Na4 36. Bb4 Nb6 37. Bc5 1/2-1/2

[Event "XXVI Ciudad de Linares"]
[Site "Linares"]
[Date "2009.02.19"]
[Round "1"]
[White "Dominguez Perez, Leinier"]
[Black "Grischuk, Alexander"]
[Result "1/2-1/2"]
[WhiteElo "2717"]
[BlackElo "2733"]
[PlyCount "59"]
[EventDate "2009.??.??"]
[EventCountry "ESP"]
[Source "Chess Tigers"]
[SourceDate "2009.01.01"]

1. e4 e6 2. d4 d5 3. Nc3 Bb4 4. e5 c5 5. a3 Bxc3+ 6. bxc3 Ne7 7. Qg4 cxd4 8.
Qxg7 Rg8 9. Qxh7 Qc7 10. Ne2 Nbc6 11. f4 Bd7 12. Qd3 dxc3 13. Rb1 (13. Rg1
O-O-O 14. g4 d4 15. h4 Be8 16. h5 f6 17. exf6 Nd5 18. Bh3 Kb8 19. g5 Bxh5 20.
Bxe6 Bxe2 21. Kxe2 Rge8 22. f5 Qe5+ 23. Kf3 Qh2 24. Qf1 Ne3 25. Bxe3 dxe3 26.
Rd1 e2 27. Qxe2 Ne5+ 28. Ke3 Qh3+ 29. Kf4 Nc6 30. Qg4 Qh2+ 31. Qg3 Qxc2 32. f7
Rh8 33. g6 Rxd1 34. g7 Rhd8 {1-0 Shirov,A (2739)-Shulman,Y (2616)/Khanty
Mansiysk 2007/CBM 122}) (13. Nxc3 a6 14. Rb1 Na5 15. h4 Nf5 16. Rh3 O-O-O 17.
h5 (17. Rb4 Nc4 18. h5 Qc5 (18... Bc6 19. Ne2 Bb5 20. a4 Qc5 21. Qc3 d4 22. Qb3
Na5 23. Rxb5 Nxb3 24. Rxc5+ Nxc5 25. Ng1 Rg3 26. Ba3 d3 27. Rxg3 Nxg3 28. cxd3
Nxa4 29. Ne2 Nxh5 30. g4 Rxd3 31. gxh5 Rxa3 32. h6 Ra1+ 33. Kf2 Rd1 34. h7 Rd8
35. Nd4 Nc5 36. Nf3 Kd7 37. f5 exf5 38. Bh3 Ke7 39. Bxf5 a5 40. Bb1 a4 41. Nd4
Rh8 42. Nf5+ Kf8 {0-1 Cheparinov,I (2696)-Grischuk,A (2716)/Baku 2008/CBM 124})
19. Ne4 Qg1 20. Ng5 Bb5 21. Qe2 Qc5 22. Qf2 Qc7 23. h6 Rxg5 24. h7 Rgg8 {1/2-1/
2 Alekseev,E (2715)-Vitiugov,N (2638)/Kallithea 2008/CBM 127}) 17... Nc4 18. h6
Rg6 19. h7 Rh8 20. Ne2 Bb5 21. Nd4 Nxe5 22. Qd1 Bxf1 23. Kxf1 Qc4+ 24. Ne2 Qe4
25. Rbb3 Qxg2+ 26. Ke1 Nc4 27. Qd3 Rg7 28. Bb2 Rhxh7 29. Bxg7 Qxg7 30. Rxh7
Qxh7 31. Qh3 Qg7 32. Kf2 Nfd6 33. Qg2 Ne4+ 34. Kg1 Qa1+ 35. Kh2 Qf6 36. Rh3 Kc7
37. a4 Ncd6 38. Qf3 Qb2 39. Qb3 Qa1 40. Kg2 Qe1 41. Qf3 Qb4 42. f5 Nxf5 43.
Qf4+ Qd6 44. Rh7 Qxf4 45. Rxf7+ Kc6 46. Nxf4 Ne3+ 47. Kg1 e5 48. Nd3 Nc4 49.
Kf1 Nc3 50. Rf6+ Kc7 51. Rf7+ Kb6 52. Rf6+ Ka5 53. Rf7 b6 54. Ra7 Nxa4 55. Ke1
e4 56. Nf4 Nc3 57. Rd7 Ne5 58. Rd8 Nf3+ 59. Kf2 d4 60. Rd6 Kb5 61. Re6 Kc5 62.
Ne2 Nd2 63. Nxc3 dxc3 64. Ke2 a5 65. Re8 b5 66. Ra8 a4 67. Ke3 Kb4 68. Kd4 a3
69. Ra7 Nc4 70. Kxe4 Na5 71. Rh7 a2 72. Rh1 Ka3 73. Kd4 b4 74. Kc5 Nb3+ 75.
cxb3 Kxb3 76. Kb5 c2 77. Kc5 Kb2 78. Kxb4 {0-1 Karjakin,S (2727)-Grischuk,A 
(2728)/Moscow 2008/CBM 126 Extra}) (13. Qxc3 Nf5 14. Rg1 Rc8 15. Rb1 d4 16. Qd3
Nce7 17. g4 Qxc2 18. Qxc2 Rxc2 19. Bd2 Nh4 20. Nxd4 Ra2 21. Rg3 Nc6 22. Nb5
Rxg4 23. Nd6+ Ke7 24. Rxg4 Nf3+ 25. Kf2 Nxd2 26. Rxb7 Ne4+ 27. Kg1 Nc5 28. Rg7
Nxb7 29. Rxf7+ Kd8 30. Nxb7+ Ke8 31. Nd6+ Kd8 32. Bb5 Rxa3 33. Nb7+ Ke8 34.
Nd6+ Kd8 35. h4 a6 36. Nb7+ Ke8 37. Nd6+ Kd8 38. Bxc6 Bxc6 39. h5 Rh3 40. Rh7
Bb5 41. h6 Bd3 42. f5 Bxf5 43. Nxf5 exf5 44. e6 Ke8 45. Rh8+ Ke7 46. h7 Kxe6
47. Re8+ Kd5 {1-0 Karjakin,S (2694)-Harikrishna,P (2668)/Bilbao 2007/CBM 120
ext}) 13... d4 (13... O-O-O 14. Nxc3 Na5 15. h3 Kb8 16. g4 Rc8 17. Nb5 Bxb5 18.
Rxb5 a6 19. Rb1 Nc4 20. Qc3 d4 21. Qxd4 Rgd8 22. Qxc4 Qa5+ 23. Qb4 Qd5 24. Be3
Qf3 25. Qxb7+ Qxb7 26. Rxb7+ Kxb7 27. Bd3 Nd5 28. Bd2 Nc3 29. Kf2 Rd4 30. Ke3
Ra4 31. Bxc3 Rxc3 32. h4 Raxa3 33. Kd4 Rc8 34. h5 Ra4+ 35. Ke3 a5 36. h6 Rb4
37. g5 a4 38. h7 Rh8 39. Ra1 Kb6 40. c3 Rb3 41. Rxa4 Rxc3 42. Kd2 Rxd3+ 43.
Kxd3 Rxh7 44. Ra8 Kb7 45. Ra1 Rh3+ 46. Ke2 Rc3 47. Rh1 Kc8 48. Rh7 Rc7 49. g6
fxg6 50. Rxc7+ Kxc7 51. Kf3 {1-0 Dominguez Perez,L (2717)-Stellwagen,D (2612)/
Wijk aan Zee 2009/CB06_2009}) 14. Rg1 (14. g3 O-O-O 15. Bg2 Na5 16. O-O Bc6 17.
Bxc6 Naxc6 18. Qe4 Qa5 19. Rd1 Qc5 20. Rd3 Nd5 21. Kg2 Rge8 22. Qf3 f6 23. exf6
Nxf6 24. a4 a6 25. Rd1 Rd7 26. Rb3 e5 27. fxe5 Nxe5 28. Qxf6 Qd5+ 29. Kg1 Nf3+
30. Kf2 Rxe2+ 31. Kxe2 Qe4+ 32. Kf1 Nxh2+ 33. Kg1 Nf3+ 34. Kf1 Nh2+ 35. Kg1
Nf3+ 36. Kf1 Ne5 37. Rxc3+ dxc3 38. Qf8+ Kc7 39. Rxd7+ Kxd7 40. Qf4 Qh1+ 41.
Ke2 Nc6 42. Qf5+ Kc7 43. Bf4+ Kb6 44. a5+ Nxa5 45. Be3+ Kc6 46. Qc5+ Kd7 47.
Qxa5 Qg2+ 48. Kd3 Qf1+ 49. Ke4 Qg2+ 50. Kf4 Qxc2 51. Qd5+ Ke7 52. Qe5+ Kd7 53.
Qd5+ {1-0 Dominguez Perez,L (2719)-Grischuk,A (2719)/Almaty 2008/EXT 2009})
14... O-O-O 15. g4 Nd5 (15... Be8 16. Rg3 f6 17. exf6 Nd5 18. Qc4 e5 (18... Kb8
19. Nxd4 Nxd4 20. Qxd4 Bg6 21. Qe5 Bxc2 22. Qxc7+ Nxc7 23. Ra1 Nd5 24. g5 Rh8
25. h3 Bf5 26. Bd3 Rd7 27. Ra2 Rc8 28. Bxf5 exf5 29. Rd3 b5 30. f7 b4 31. axb4
Re7+ 32. Re2 Nxb4 33. Rxe7 Nxd3+ 34. Kf1 {1-0 Kritz,L (2596)-Cornette,M (2494)/
Ascona 2007/CBM 121 Extra}) 19. g5 Bf7 20. Qd3 Bg6 21. f5 Bh5 22. Qe4 Rge8 23.
Kf2 Bf7 24. Bg2 Nb6 25. g6 Bd5 26. Qg4 e4 27. f7 Ne5 28. Qf4 e3+ 29. Kg1 Re7
30. Bxd5 Nxd5 31. Qxd4 Nxf7 32. gxf7 Rxf7 33. Bxe3 Rxf5 34. Qxa7 Re8 35. Qa8+
Qb8 36. Qxb8+ Kxb8 37. Nd4 Nxe3 38. Rxe3 Rxe3 39. Nxf5 Re2 40. Nd4 Rd2 41. Rb4
{1-0 Svidler,P (2732)-Berg,E (2593)/Heraklio 2007/CBM 121}) (15... Kb8 16. Rg3
Bc8 17. Bg2 Rh8 18. h3 b6 19. a4 Bb7 20. Ba3 Nd5 21. Bd6 Rxd6 22. exd6 Qxd6 23.
Nxd4 Qxf4 24. Ne2 Qxa4 25. Nxc3 Qf4 26. Nxd5 exd5 27. Rf3 Qc7 28. Rf2 Ne5 29.
Qd4 Ba6 30. Rb3 Rd8 31. Rf5 {1-0 Edwards,J (2475)-Pasko,W (2547)/ICCF corr
1999/Corr 2002}) 16. Nxd4 $146 (16. Rg3 f6 17. exf6 Nxf6 18. g5 Nh5 19. Rh3 Be8
20. Bg2 Rf8 21. Qe4 Ng7 22. Rh7 Rf7 23. Bh3 Re7 24. Kf2 Nf5 25. Rxe7 Ncxe7 26.
Qxe6+ Bd7 27. Qf7 Qc5 28. Ke1 Rh8 29. Rb4 b5 30. Bxf5 Nxf5 31. g6 Rf8 32. g7
Rxf7 {0-1 Wagman,S (2230)-Tamai,R (2155)/Caorle 1988/EXT 1999}) 16... Nxd4 17.
Qxd4 Kb8 18. Rg3 Bc6 19. Qc5 f6 20. exf6 Nxf6 21. Qe5 Nxg4 22. Qxc7+ Kxc7 23.
f5 exf5 24. Bf4+ Kc8 25. Rxc3 Nf6 26. Rc4 Nd5 27. Rd1 Nxf4 28. Rxd8+ Kxd8 29.
Rxf4 Be4 30. Bd3 1/2-1/2

[Event "XXVI Ciudad de Linares"]
[Site "Linares"]
[Date "2009.02.19"]
[Round "1"]
[White "Wang, Yue"]
[Black "Ivanchuk, Vassily"]
[Result "1/2-1/2"]
[WhiteElo "2739"]
[BlackElo "2779"]
[PlyCount "61"]
[EventDate "2009.??.??"]
[EventCountry "ESP"]
[Source "Chess Tigers"]
[SourceDate "2009.01.01"]

1. d4 Nf6 2. c4 e6 3. Nf3 Bb4+ 4. Bd2 c5 5. Bxb4 cxb4 6. Nbd2 O-O 7. g3 d6 8.
Bg2 Nc6 9. O-O e5 10. d5 Nb8 11. a3 Na6 12. Ne1 Qb6 (12... Bg4 13. Nd3 Qb6 14.
h3 Bh5 15. Re1 bxa3 16. Rxa3 Bg6 17. e4 Nd7 18. Qb3 f5 19. Qxb6 axb6 20. b4 Nf6
21. f3 fxe4 22. fxe4 Kf7 23. Rb3 Rac8 24. Nb2 Ke7 25. Na4 Nd7 26. h4 Ra8 27.
Nb1 Nac5 28. bxc5 Rxa4 29. cxd6+ Kxd6 30. Nc3 Rxc4 31. Bf1 Rc5 32. Bh3 Rf3 33.
Nb5+ Rxb5 34. Rxf3 Nf6 35. Rfe3 Rb4 36. Bg2 b5 37. Bf3 h5 38. R3e2 Rc4 39. Kf2
b4 40. Re3 Rc2+ 41. R1e2 Rc1 42. Re1 Rc4 43. R1e2 Nd7 44. g4 hxg4 45. Bxg4 Nc5
46. Bf3 b3 47. Kg3 b5 48. h5 Bh7 49. Re1 b4 50. Rb1 Bxe4 51. Bxe4 Nxe4+ 52. Kh3
Nd2 53. Rb2 Rc3 54. Rg3 Ne4 {0-1 Farago,I (2535)-Kortschnoj,V (2625)/Beersheba
1987/CBM 005}) 13. Nd3 Bf5 (13... Re8 14. e4 Bg4 {1/2-1/2 Horvath,J (2505)
-Vukanovic,S (2360)/Paks 1996/EXT 1998}) 14. e4 (14. axb4 Bxd3 15. b5 Bxc4 16.
Nxc4 Qxb5 17. Nxd6 Qd7 18. Nc4 e4 19. d6 Rfd8 20. Qd4 Qe6 21. Rfd1 Nb4 22. Ne3
Nc6 23. Qc5 g6 24. Rd2 Rac8 25. Rad1 b6 26. Qg5 Qe5 27. h4 Rb8 28. Rc1 {1-0
Novikov,I (2610)-Roussel Roozmon,T (2451)/Montreal 2004/CBM 103}) 14... Bg4 15.
Bf3 (15. Qe1 Nd7 16. h3 Bh5 17. axb4 Nxb4 18. Nxb4 Qxb4 19. Qe3 Nc5 20. Ra2 a5
21. Rc1 Bg6 22. g4 f6 23. Rc3 Rfc8 24. Bf1 a4 25. Be2 Be8 26. Bd1 Bd7 27. Nf3
b5 28. Nd2 Rab8 29. Be2 {1/2-1/2 Komarov,D (2570)-Vezzosi,P (2325)/Reggio
Emilia  1998/CBM 069}) 15... Bxf3 $146 (15... Qd4 16. Qe2 Bxf3 17. Qxf3 Rfc8
18. Rfd1 Nc5 19. Nxc5 Qxc5 20. axb4 Qxb4 21. Qa3 Qb6 22. b4 a6 23. Rdc1 Nd7 24.
Nb3 Nf6 25. c5 Qb5 26. Nd2 Qe2 27. Qe3 Kf8 28. c6 Rd8 29. Rc4 Rab8 30. Rxa6 Ke7
31. cxb7 Rxb7 32. Rcc6 h5 33. h3 Qg4 34. hxg4 g6 35. g5 Kd7 36. Rc5 Nxd5 37.
exd5 Ke7 38. Ra7 Ra8 39. Rxa8 {1/2-1/2 Pantsulaia,L (2436)-Moiseenko,A (2578)/
Kocaeli 2002/CBM 089 ext}) 16. Qxf3 Nd7 17. Qe3 Ndc5 18. Nxc5 Nxc5 19. Nb3 Rfc8
20. Nxc5 Qxc5 21. Qxc5 Rxc5 22. b3 bxa3 23. Rxa3 a5 24. Rfa1 b6 25. b4 Rxc4 26.
bxa5 Rxa5 27. Rxa5 bxa5 28. Rxa5 Kf8 29. f3 h5 30. Ra8+ Ke7 31. Ra7+ 1/2-1/2

[Event "XXVI Ciudad de Linares"]
[Site "Linares"]
[Date "2009.02.20"]
[Round "2"]
[White "Anand, Viswanathan"]
[Black "Aronian, Levon"]
[Result "0-1"]
[WhiteElo "2791"]
[BlackElo "2750"]
[PlyCount "106"]
[EventDate "2009.??.??"]
[EventCountry "ESP"]
[Source "Chess Tigers"]
[SourceDate "2009.01.01"]

1. d4 d5 2. c4 c6 3. Nf3 Nf6 4. Nc3 e6 5. e3 Nbd7 6. Bd3 dxc4 7. Bxc4 b5 8. Bd3
Bd6 9. O-O O-O 10. Qc2 Bb7 11. a3 a6 (11... a5 12. e4 e5 13. dxe5 Nxe5 14. Nxe5
Bxe5 15. h3 Re8 16. Be3 Qc7 17. Rad1 Rad8 18. Ne2 Bd6 19. Nd4 Nh5 20. Rfe1 Nf4
21. Bf1 Ne6 22. Nxe6 Rxe6 23. f4 f6 24. Qb3 Qf7 25. Bb6 a4 26. Qa2 Rd7 27. Be2
g6 28. e5 Bc7 29. Bxc7 Rxc7 30. Bg4 f5 31. Bf3 Kg7 32. Rd8 Ree7 33. Qxf7+ Kxf7
34. Red1 c5 35. Be2 c4 36. R1d6 Be4 37. Kf2 Re6 38. R8d7+ Rxd7 39. Rxd7+ Re7
40. Rxe7+ Kxe7 41. g4 fxg4 42. hxg4 Bd5 43. Ke3 b4 44. Kd2 c3+ 45. bxc3 bxa3
46. Kc1 Ke6 47. Kb1 {1/2-1/2 Kramnik,V (2785)-Anand,V (2801)/Moscow 2007/CBM
121 Extra}) (11... h6 12. e4 e5 13. dxe5 Nxe5 14. Nxe5 Bxe5 15. h3 a6 16. Be3
c5 17. Bxc5 Re8 18. Rad1 Qc7 19. Nd5 Nxd5 20. exd5 Bxb2 21. d6 Qc6 22. f3 Rec8
23. Bh7+ Kh8 24. Be4 Qxc5+ 25. Qxc5 Rxc5 26. Bxb7 Rd8 27. Rfe1 Be5 28. d7 a5
29. f4 Bc7 30. Bd5 Kh7 31. Bxf7 Rf5 32. Ba2 Rxf4 33. Bb1+ Kg8 34. Bg6 Bb6+ 35.
Kh1 Bc5 36. Rc1 Bf8 37. Red1 Bxa3 38. Rc8 Rff8 39. Be8 Be7 40. Re1 Bg5 41. g3
a4 42. h4 Bf6 43. Re6 {1-0 Topalov,V (2777)-Ivanchuk,V (2781)/Bilbao 2008/CBM
126}) 12. Ng5 $3 (12. b4 a5 13. Rb1 axb4 14. axb4 Qe7 15. e4 e5 16. dxe5 (16.
Ne2 Bxb4 17. Ng3 g6 18. dxe5 Ng4 19. Bg5 Qc5 20. e6 Nde5 21. Nxe5 Nxe5 22. Bf6
Qxc2 23. Bxc2 Bd6 24. Bb3 fxe6 25. Bxe6+ Nf7 26. f4 Bc8 27. Bb3 Re8 28. f5 Bxg3
29. hxg3 Rxe4 30. Ra1 Rxa1 31. Rxa1 Kf8 32. Ra7 Ne5 33. Rxh7 Nc4 34. fxg6 Be6
35. Bc2 Re2 36. Bd3 Re3 37. Bf5 Bd5 38. Kf2 Re8 39. Bd7 Nd6 40. Bg7+ {1-0
Svidler,P (2746)-Karjakin,S (2732)/Baku 2008/CBM 124}) 16... Nxe5 17. Nxe5 Bxe5
18. Ne2 Qe6 19. f4 Bc7 (19... Ra2 20. Qd1 Ba1 21. e5 c5 22. exf6 Bd4+ 23. Rf2
Bxf2+ 24. Kxf2 Qd5 25. Bb2 Qxg2+ 26. Ke1 c4 27. Bc2 Bf3 28. fxg7 Re8 29. Be5 f6
30. Bxh7+ Kxh7 {0-1 Gelfand,B (2737)-Anand,V (2799)/Nice 2008/CBM 123 Extra})
20. e5 Ra2 21. Bb2 Nd5 22. Bxh7+ Kh8 23. Bf5 Bb6+ 24. Kh1 Qh6 25. Be4 Ne3 26.
Qb3 Nxf1 27. Rxf1 Ra7 28. Rf3 Bc8 29. f5 Qd2 30. Ng3 Bf2 31. Nf1 Qe1 32. Bd3
Rd7 33. e6 fxe6 34. fxe6 Rxf3 35. exd7 Bxd7 36. gxf3 Be6 37. Qc3 {1-0 Kasparov,
G (2815)-Kramnik,V (2780)/Moscow 1998/CBM 067 ext}) 12... Bxh2+ 13. Kxh2 Ng4+
14. Kg1 $1 $146 (14. Kg3 Qxg5 15. Bxh7+ Kh8 16. f4 Qh5 17. Bd2 Qh2+ 18. Kf3
Qxh7 19. Qxh7+ Kxh7 20. Kxg4 c5 21. Kg3 Kg6 22. dxc5 Nxc5 23. Rad1 Rfd8 24. Bc1
Rac8 25. Rd4 Rxd4 26. exd4 Nd7 27. Bd2 Nf6 28. Re1 Rd8 29. Be3 Bc6 30. Rh1 a5
31. Rh4 Rb8 32. b4 axb4 33. axb4 Rc8 34. Bd2 Bd5 35. Nxd5 Nxd5 36. Kf3 Rc2 37.
Be1 Rb2 38. Rg4+ Kh7 39. Rh4+ Kg8 40. g3 g6 41. Rh1 Rb1 42. Ke2 Nxb4 43. Kd2
Nd5 44. Kc2 Ra1 45. Rg1 b4 46. Kb3 Kg7 47. Bf2 Ra3+ 48. Kb2 Nb6 49. Rb1 Rf3 {
0-1 Granz,B-Buijsman,J/IECG email 1999/Corr 2008}) 14... Qxg5 15. f3 Ngf6 16.
e4 Qh4 17. Be3 e5 18. Ne2 Nh5 19. Qd2 h6 20. Rfd1 Rae8 21. Bc2 Re6 22. Bf2 Qe7
23. g4 Rg6 24. Kf1 Nhf6 25. Ng3 Nxg4 26. fxg4 Qh4 27. Nf5 Qxg4 28. Qc3 Re8 29.
Qg3 Qh5 30. Qh4 Qf3 31. Rd3 Qg2+ 32. Ke2 exd4 33. Rg3 $4 (33. Rxd4 $142 $1) (
33. Ne7+ $142 $5) 33... Rxg3 34. Qxg3 Rxe4+ 35. Kd2 Rg4 36. Qxg2 Rxg2 37. Ke2
c5 38. Rg1 Ne5 39. Rxg2 Bxg2 40. Kd2 h5 41. b4 Nc4+ 42. Kc1 Nxa3 43. Bd1 cxb4
44. Bxh5 g6 45. Ne7+ Kf8 46. Nxg6+ fxg6 47. Bxg6 Ke7 48. Bxd4 Kd6 49. Bd3 Nc4
50. Bg7 a5 51. Be2 Be4 52. Bf6 a4 53. Bg7 Kd5 0-1